Aproximación docimológica a la evaluación de competencias digitales y didácticas de profesores universitarios.

Enregistré dans:
Détails bibliographiques
Auteur principal: Páez, Roberto O. (autor)
Autres auteurs: Carlo, Sergio Di, coaut (autor) coaut, (autor)
Format: Publication en série
Langue:espagnol
Sujets:
Accès en ligne:Ver documento en línea
Tags: Ajouter un tag
Pas de tags, Soyez le premier à ajouter un tag!

MARC

LEADER 00000nas^a2200000^u^4500
001 000529169
005 20260413000000.0
008 140110c^^^^9999^^^^r1^^^^^^^^0^^^^0eng^d
009 20260413094949.015
022 |a 19890397 
035 |a FCE 000073416 
037 |a Acervo ITESO - Biblioteca 
041 |a spa 
095 |a REVISTA IBEROAMERICANA DE EVALUACION EDUCATIVA (PDF)  |b 1/2012 
100 |a Páez, Roberto O.  |e (autor) 
245 1 0 |a Aproximación docimológica a la evaluación de competencias digitales y didácticas de profesores universitarios. 
264 |a España ; Chile :  |b Red Iberoamericana de Investigación sobre Cambio y Eficacia Escolar (RINACE) : Universidad Autónoma de Madrid : Centro de Investigación y Desarrollo de la Educaciòn,  |c 2012. 
336 |a texto  |b txt  |2 rdacontenido 
337 |a sin mediación  |b n  |2 rdamedio 
338 |a volumen  |b nc  |2 rdasoporte 
649 |a XX 
650 |a Docentes universitarios 
650 |a Estándares 
650 |a Evaluación 
650 |a Entorno virtual 
650 |a Competencias digitales 
740 |g vol. 5, no. 1, 2012, pp. 282-288  |t Revista Iberoamericana de Evaluación Educativa, 
700 |a Carlo, Sergio Di,  |e coaut  |e (autor) 
856 4 0 |u https://www.rinace.net/riee/numeros/vol5-num1_e/art20.pdf  |y Ver documento en línea 
910 |a Fondo Centro de Estudios Educativos 
920 |a Impresos - Libros 
930 |a Fondos Especiales 
905 |a 133 
902 |a https://opac.biblio.iteso.mx/vufind/Record/000529169